000 00640nab#a2200205#c#4500
999 _c122344
_d122344
003 IEF
005 20191210182413.0
008 950704s1975 uuu|| #####0 b| |u
040 _aIEF
_cES-MaIEF
100 1 _aLagares Calvo, Manuel Jesús
_924628
245 _aLa participación creciente del Sector Público en la economía española
_bsu contrastación empírica
_c Manuel J. Lagares Calvo
260 _c1975
500 _aConclusiones,Bibliografía
650 4 _aSECTOR PUBLICO
_948359
650 4 _aESPAÑA
_941092
773 0 _tHacienda pública española
_w34570
_g36, p. 19-33
942 _2udc
942 _2udc